La télévision et la guerre: déformation ou construction de la réalité?, le conflit en Bosnie, 1990-1994

Kaydedildi:
Detaylı Bibliyografya
Asıl Yazarlar: Charadeau, patrick (Yazar), Soulages, Jean-Claude (Yazar), Fernández, Manuel (Yazar), Croll, Anne (Yazar)
Diğer Yazarlar: Lochard, Guy (autor)
Materyal Türü: Kitap
Dil:Fransızca
Baskı/Yayın Bilgisi: Bruselas DeBoeck 2001
Seri Bilgileri:Médias Recherches
Konular:
Etiketler: Etiketle
Etiket eklenmemiş, İlk siz ekleyin!

MARC

LEADER 00000nam a2200000 a 4500
001 UCM0846
003 CL-VaPUC
008 020315e20010000BE |||||||||||||||||fre|d
082 0 4 |a 302.2345  |b CHA  |2 21 
100 0 |a Charadeau, patrick  |e author  |9 467843 
700 |a Lochard, Guy  |e autor  |9 491308 
700 0 |a Soulages, Jean-Claude  |e author  |9 467845 
700 0 |a Fernández, Manuel  |e author  |9 467846 
700 0 |a Croll, Anne  |e author  |9 467847 
245 1 3 |a La télévision et la guerre: déformation ou construction de la réalité?, le conflit en Bosnie, 1990-1994 
300 |a 163 p 
942 |c BK 
945 |d 20020315 00:00:00  |a cmena 
260 |a Bruselas  |b DeBoeck  |c 2001 
650 7 |a TELEVISION - MEDIOS DE COMUNICACION DE MASAS  |2 CL-VaPUC  |9 467848 
650 7 |a GUERRAS - MEDIOS DE COMUNICACION  |2 CL-VaPUC  |9 467849 
583 |a last modification  |c 20020315 00:00:00  |k Rodrigo Vera 
490 0 |a Médias Recherches 
999 |c 299657  |d 299655 
952 |0 0  |1 0  |4 0  |6 302_234500000000000_CHA_2001  |7 0  |8 A  |9 356403  |a FDOPOS  |b FDOPOS  |d 2019-11-21  |i 3797694  |o 302.2345 CHA 2001  |p 3797694  |r 2025-01-22  |w 2019-11-21  |y BK  |k MLA